[Event "South Wales New Year Major"]
[Site "Bridgend"]
[Date "2020.01.05"]
[Round "5"]
[White "Owen, Bob"]
[Black "Davies, Milo"]
[Result "0-1"]
[WhiteElo "1303"]
[BlackElo "1391"]
[PlyCount "112"]
[EventDate "2020.01.03"]
[EventType "swiss"]
[EventRounds "5"]
[EventCountry "WLS"]
[SourceTitle "EXT 2022"]
[Source "ChessBase"]
[SourceDate "2021.10.06"]
[SourceVersion "1"]
[SourceVersionDate "2021.10.06"]
[SourceQuality "1"]

1. d4 d5 2. f4 e6 3. e3 a6 4. Bd3 c5 5. c3 Nc6 6. Nf3 Bd6 7. 0-0 Nf6 8. Nbd2 0-0 9. Ne5 Nd7 10. Ndf3 f6 11. Nxc6 bxc6 12. Qc2 f5 13. Qf2 cxd4 14. Nxd4 Nb8 15. Nf3 Nd7 16. b3 Nf6 17. h3 Bb7 18. Bb2 Be7 19. a4 Ne4 20. Bxe4 fxe4 21. Nh2 Bh4 22. g3 Bf6 23. Qg2 Qb6 24. Ng4 Qxb3 25. Nxf6+ Rxf6 26. Ra3 Qc4 27. Rd1 c5 28. Qc2 Rf7 29. Kf2 Bc6 30. Qe2 Qxe2+ 31. Kxe2 c4 32. a5 Rb8 33. Rd2 Rfb7 34. Ba1 Rb1 35. Kf2 R1b5 36. Raa2 Kf7 37. Rdb2 Ke7 38. Rxb5 Rxb5 39. Rb2 Rxa5 40. Rb6 Rxa1 41. Rxc6 Kd7 42. Rb6 Ke7 43. g4 Kf6 44. g5+ Kf5 45. Rb7 Kg6 46. Re7 a5 47. Rxe6+ Kf7 48. Rd6 a4 49. Rxd5 a3 50. Ra5 a2 51. h4 Kg6 52. f5+ Kh5 53. f6 gxf6 54. gxf6+ Kg6 55. Ra6 Rh1 56. Kg2 a1Q 0-1

[Event "South Wales New Year Major"]
[Site "Bridgend"]
[Date "2020.01.04"]
[Round "2"]
[White "Chwieseni, Edward"]
[Black "Davies, Milo"]
[Result "0-1"]
[WhiteElo "1615"]
[BlackElo "1391"]
[PlyCount "90"]
[EventDate "2020.01.03"]
[EventType "swiss"]
[EventRounds "5"]
[EventCountry "WLS"]
[SourceTitle "EXT 2022"]
[Source "ChessBase"]
[SourceDate "2021.10.06"]
[SourceVersion "1"]
[SourceVersionDate "2021.10.06"]
[SourceQuality "1"]

1. e4 d5 2. exd5 Qxd5 3. Qf3 Qxf3 4. Nxf3 Nc6 5. Bb5 Bd7 6. a3 0-0-0 7. Nc3 Nf6 8. 0-0 e5 9. Bxc6 Bxc6 10. Nxe5 Be8 11. d3 h6 12. Be3 b6 13. h3 Bd6 14. Nc4 Be7 15. a4 g5 16. a5 b5 17. Ne5 Bd6 18. Nxf7 Bxf7 19. Nxb5 a6 20. Nxd6+ Rxd6 21. g4 Bd5 22. f3 Re8 23. Bc5 Rde6 24. c4 Bc6 25. d4 Re2 26. d5 Bb7 27. Rf2 Nd7 28. Bd4 Rxf2 29. Kxf2 Ne5 30. Bxe5 Rxe5 31. Re1 Rxe1 32. Kxe1 Kd7 33. Kd2 Kd6 34. b4 c6 35. dxc6 Bxc6 36. Ke3 Ke5 37. b5 axb5 38. cxb5 Bxb5 39. Kf2 Kf4 40. Kg2 Be2 41. Kf2 Bxf3 42. a6 Bc6 43. a7 Bb7 44. h4 gxh4 45. Kg1 Kf3 0-1

[Event "South Wales Autumn Premier"]
[Site "Newport"]
[Date "2019.11.16"]
[Round "3"]
[White "Macarthur, Duncan M"]
[Black "Davies, Milo"]
[Result "0-1"]
[WhiteElo "1647"]
[BlackElo "1207"]
[PlyCount "102"]
[EventDate "2019.11.15"]
[EventType "swiss"]
[EventRounds "5"]
[EventCountry "WLS"]
[SourceTitle "EXT 2022"]
[Source "ChessBase"]
[SourceDate "2021.10.06"]
[SourceVersion "1"]
[SourceVersionDate "2021.10.06"]
[SourceQuality "1"]

1. c4 e5 2. Nc3 Nf6 3. Nf3 Nc6 4. g3 Bc5 5. Bg2 0-0 6. 0-0 d5 7. cxd5 Nxd5 8. Nxe5 Nxe5 9. Nxd5 c6 10. Nc3 Bg4 11. Qc2 Re8 12. d3 Qe7 13. Ne4 Bb6 14. a3 Rad8 15. b4 h6 16. Bb2 f5 17. Nc5 Bxc5 18. Qxc5 Qxc5 19. bxc5 Bxe2 20. Rfe1 Nxd3 21. Reb1 Nxc5 22. Bc3 Re7 23. Bb4 b6 24. Bxc6 Rc7 25. Bg2 Nd3 26. Bd2 Nxf2 27. Bxh6 gxh6 28. Kxf2 Rd2 29. Rc1 Rcd7 30. Re1 Ba6+ 31. Kg1 Re2 32. Bh3 Rf7 33. Rac1 Ra2 34. Rc3 Kg7 35. g4 fxg4 36. Bxg4 Rff2 37. Rg3 Kf8 38. Bh5 Bb5 39. h3 Rf5 40. Bg4 Rg5 41. Rf3+ Kg8 42. Rc1 h5 43. Rc8+ Kg7 44. Rc7+ Kg6 45. Rff7 Bd3 46. Rcd7 Rxa3 47. Rg7+ Kh6 48. Rxg5 Kxg5 49. Rd5+ Kf4 50. Bxh5 Be4 51. Rd2 Rxh3 0-1